000 00644nam a22002057a 4500
005 20171214143739.0
010 _aENG-121891
020 _a9788131251430
_c550.00
035 _aEN-105423
037 _bDBAD/PUB
082 _a301
100 _aSeema
245 _aEssential sociology :
_bfor civil services main examination /
_cby Seema [and] Nitin Sangwan
260 _aGURGAON
_bLexis Nexis
_c2017
270 _a14th Floor, Building No10, Tower-B, DLF Cyber City, Phase-2
_bGURGAON
_e122002
300 _axxiii,534p.
_c24cm(pbk)
500 _aIncludes index
700 _aSangwan,Nitin
942 _2ddc
_cEN
_h301
_mSEE
999 _c147995
_d147995